02411 a2200193 4500020001500000020001800015082001400033100002000047245008500067250001200152260002800164300002100192490003900213500001500252520174200267830003902009856008202048856008702130 a0471396877 a978047139687104a394.260681 aGoldblatt, Joe.10aSpecial events :btwenty-first century global event management /cJoe Goldblatt. a3nd ed. a[S.l.] :bWiley,c2001. a488 p. ;c24 cm.1 aThe wiley event management series. aHardcover. aTHE WILEY EVENT MANAGEMENT SERIES From the foremost authority on event management The only comprehensive guide to the research, design, coordination, evaluation, and marketing of all types of special events The future is bright for event managers equipped with the essential training and skills required to research, plan, schedule, organize, and market special events anywhere in the world. In this Third Edition of his definitive guide to the profession, Dr. Joe Goldblatt, CSEP, imparts the logistical know-how and the theoretical understanding needed to take advantage of the countless opportunities in this rapidly growing field. From developing the event vision to managing vendor contracts, from event advertising to the latest in event management technology, Dr. Goldblatt provides authoritative guidance on every aspect of this complex and demanding profession. This outstanding new edition: * Includes over 35 inspiring and helpful new photographs * Features real-world case studies in 21st-century event management * Emphasizes the growing globalization of the profession * Examines new technologies, including the Internet and new software packages * Prepares candidates to pass the Certified Special Events Professional (CSEP) exam The Wiley Event Management Series-Series Editor, Dr. Joe Goldblatt, CSEP The Wiley Event Management Series provides professionals with the essential knowledge and cutting-edge tools they need to excel in one of the most exciting and rapidly growing sectors of the hospitality and tourism industry. Written by recognized experts in the field, the volumes in the series cover the research, design, planning, coordination, and evaluation methods as well as specialized areas of event management. 4aThe wiley event management series.403Amazon.comuhttp://www.amazon.com/exec/obidos/ASIN/0471396877/chopaconline-20403Amazon customer reviewsuhttp://www.chopac.org/cgi-bin/tools/azrev.pl?q=0471396877